AUDIO AND VIDIO SYSTEMS (Record no. 29834)

000 -LEADER
fixed length control field 00364nam a2200169Ia 4500
003 - CONTROL NUMBER IDENTIFIER
control field OSt
005 - DATE AND TIME OF LATEST TRANSACTION
control field 20240423121326.0
008 - FIXED-LENGTH DATA ELEMENTS--GENERAL INFORMATION
fixed length control field 200615s9999||||xx |||||||||||||| ||und||
040 ## - CATALOGING SOURCE
Transcribing agency MUIT
082 ## - DEWEY DECIMAL CLASSIFICATION NUMBER
Classification number 4
Item number RGG-A
100 ## - MAIN ENTRY--PERSONAL NAME
Personal name R G GUPTA
245 #0 - TITLE STATEMENT
Title AUDIO AND VIDIO SYSTEMS
250 ## - EDITION STATEMENT
Edition statement 2ND
260 ## - PUBLICATION, DISTRIBUTION, ETC.
Place of publication, distribution, etc. New Delhi
Name of publisher, distributor, etc. MGH
Date of publication, distribution, etc. 2018
300 ## - PHYSICAL DESCRIPTION
Extent 0
942 ## - ADDED ENTRY ELEMENTS (KOHA)
Koha item type Book
Source of classification or shelving scheme
Holdings
Withdrawn status Lost status Damaged status Not for loan Collection code Permanent Location Current Location Shelving location Date acquired Total Checkouts Barcode Date last seen Price effective from Koha item type Source of classification or shelving scheme Full call number Date last checked out
        School of Computer Science Maharishi School of Engineering & Technology (Lucknow) Maharishi School of Engineering & Technology (Lucknow) R9S4 2020-06-15   SOC3248 2020-06-15 2020-06-15 Book      
        School of Computer Science Maharishi School of Engineering & Technology (Lucknow) Maharishi School of Engineering & Technology (Lucknow) R9S1 2024-04-23 1 SOC3249 2024-04-23 2024-04-23 Book   005 2024-04-23
        School of Computer Science Maharishi School of Engineering & Technology (Lucknow) Maharishi School of Engineering & Technology (Lucknow) R61S3 2024-04-23   SOC3250 2024-04-23 2024-04-23 Reference Book   000  

All Rights Reserved@MUIT

Powered by Koha